000 00829nam a2200217Ii 4500
003 JO-AjNU
008 230605s9999||||xx |||||||||||||| ||und||
017 _a2009/9/4021
040 _aJO-AjNU
_bara
_erda
_cJO-AjNU
041 _aara
050 1 4 _aHF5415.7. Z8222 2010
100 3 _aالزعبي، علي فلاح,
_eauthor
_959276
245 0 0 _aإدارة التوزيع: مدخل تطبيقي- متكامل =Distribution Manager
250 _aط1
264 3 1 _aعمان :دار المسيرة للنشر والتوزيع، 2010
300 _a336ص
_bيحتوي على ملاحق من ص 311-333 ويحتوي على مراجع من ص335-336
336 _atext
_btxt
_2rdacontent
337 _aunmediated
_bn
_2rdamedia
338 _avolume
_bnc
_2rdacarrier
650 4 _aالتسويق- إدارة الاعمال
_959277
999 _aA26666
_c30234
_d30234